Návrh ponuky vzorových modulov v oblasti ekonomického vzdelávania absolventov Lekárskej fakulty Slovenskej zdravotníckej univerzity so záujmom o súkromné podnikanie
Analýza potrieb praxe v oblasti ekonomického vzdelávania a návrh vzorových modulov predmetov, umožňujúcich rozvoj podnikateľských zručností absolventov, ktorí majú záujem o súkromné podnikanie.
Na minha lista:
| Autor principal: | |
|---|---|
| Formato: | Capítulo de Livro |
| Idioma: | eslovaco |
| Assuntos: | |
| Tags: |
Sem tags, seja o primeiro a adicionar uma tag!
|
MARC
| LEADER | 00000naa$a2200000$$$4500 | ||
|---|---|---|---|
| 001 | 0205768 | ||
| 005 | 20240502073427.2 | ||
| 041 | 0 | |a slo | |
| 044 | |a SK | ||
| 245 | 1 | 0 | |a Návrh ponuky vzorových modulov v oblasti ekonomického vzdelávania absolventov Lekárskej fakulty Slovenskej zdravotníckej univerzity so záujmom o súkromné podnikanie |c Nadežda Jankelová |
| 520 | |a Analýza potrieb praxe v oblasti ekonomického vzdelávania a návrh vzorových modulov predmetov, umožňujúcich rozvoj podnikateľských zručností absolventov, ktorí majú záujem o súkromné podnikanie. | ||
| 610 | 2 | 0 | |a vzdelávanie ďalšie |
| 610 | 2 | 0 | |a ekonómia |
| 610 | 2 | 0 | |a zdravotníctvo |
| 610 | 2 | 0 | |a absolventi |
| 610 | 2 | 0 | |a škola a prax |
| 610 | 2 | 0 | |a zručnosti |
| 610 | 2 | 0 | |a podnikanie súkromné |
| 100 | 1 | |a Jankelová, Nadežda, 1966- | |